[Event "Nezhmetdinov Cup (rapid) 2015"]
[Site "Kazan RUS"]
[Date "2015.05.29"]
[Round "3"]
[White "Morozevich, Alexander"]
[Black "Shariyazdanov, Andrey"]
[Result "1-0"]
[WhiteElo "2711"]
[BlackElo "2535"]
[PlyCount "95"]
[EventDate "2015.05.29"]

1. e4 g6 2. d4 Bg7 3. Nc3 d6 4. Be3 Nd7 5. Qd2 a6 6. h4 h6 7. O-O-O b5 8. f4
Ngf6 9. e5 Ng4 10. h5 Nb6 11. hxg6 fxg6 12. Nf3 O-O 13. Bg1 Bf5 14. Nh4 b4 15.
Ne2 Nd5 16. Ng3 e6 17. Nhxf5 exf5 18. Bc4 c6 19. Qxb4 Kh7 20. Bxd5 cxd5 21. Ne2
Rb8 22. Qa3 Rf7 23. Rh3 Rfb7 24. Rb3 Bf8 25. Qa4 Qc8 26. Rdd3 Qc4 27. Rxb7+
Rxb7 28. Qxc4 dxc4 29. Rd1 d5 30. Nc3 Rd7 31. b3 Bb4 32. Na4 cxb3 33. axb3 Rd8
34. c3 Be7 35. Kc2 g5 36. g3 h5 37. fxg5 Bxg5 38. Nc5 Be7 39. Ne6 Rg8 40. Nf4
Nh6 41. Nxd5 Bd8 42. Bf2 h4 43. gxh4 Rg2 44. Rd2 Ng4 45. Be3 Rg3 46. Bg5 Bxg5
47. hxg5 Kg6 48. Re2 1-0

[Event "Nezhmetdinov Cup (rapid) 2015"]
[Site "Kazan RUS"]
[Date "2015.05.29"]
[Round "4"]
[White "Kabanov, Nikolai"]
[Black "Morozevich, Alexander"]
[Result "1/2-1/2"]
[WhiteElo "2489"]
[BlackElo "2711"]
[PlyCount "91"]
[EventDate "2015.05.29"]

1. e4 c5 2. Nf3 e6 3. c4 Nc6 4. Be2 g5 5. O-O g4 6. Ne1 h5 7. f4 Bg7 8. Nc3
Nge7 9. d3 d5 10. cxd5 exd5 11. f5 Be5 12. Bf4 Bxf4 13. Rxf4 d4 14. Nb1 Qd6 15.
g3 h4 16. Ng2 hxg3 17. hxg3 Ne5 18. Nd2 N7c6 19. Nf1 c4 20. dxc4 d3 21. Bxg4
Bd7 22. Nfe3 O-O-O 23. Qd2 Rdg8 24. Raf1 Nd4 25. Kf2 Rh2 26. c5 Qxc5 27. Qc3
Qxc3 28. bxc3 Ne2 29. Bxe2 dxe2 30. Kxe2 Rxg3 31. R4f2 Bc6 32. Nf4 Rxe3+ 33.
Kxe3 Ng4+ 34. Ke2 Bb5+ 35. Kf3 Bxf1 36. Rxf1 Ne5+ 37. Ke3 Rxa2 38. Nd5 Kd7 39.
Rb1 b6 40. Rh1 Ra4 41. Rh7 Nc4+ 42. Kf4 Nd6 43. Nf6+ Ke7 44. Nd5+ Kd7 45. Nf6+
Ke7 46. Nd5+ 1/2-1/2

[Event "Nezhmetdinov Cup (rapid) 2015"]
[Site "Kazan RUS"]
[Date "2015.05.30"]
[Round "5"]
[White "Bocharov, Dmitry"]
[Black "Morozevich, Alexander"]
[Result "0-1"]
[WhiteElo "2577"]
[BlackElo "2711"]
[PlyCount "52"]
[EventDate "2015.05.29"]

1. Nf3 d5 2. c4 d4 3. b4 g5 4. Nxg5 e5 5. d3 Bxb4+ 6. Bd2 Qxg5 7. Bxb4 Nc6 8.
Ba3 h5 9. Nd2 h4 10. Rb1 b6 11. Qa4 Qg6 12. c5 Bb7 13. Nc4 O-O-O 14. cxb6 axb6
15. Rb5 e4 16. Qc2 Nf6 17. dxe4 Nxe4 18. Rb3 Qe6 19. f3 Nc3 20. e4 f5 21. Bd3
fxe4 22. fxe4 h3 23. g3 Nxe4 24. O-O Nxg3 25. Rf3 Qe1+ 26. Bf1 Nxf1 0-1

[Event "Nezhmetdinov Cup (rapid) 2015"]
[Site "Kazan RUS"]
[Date "2015.05.30"]
[Round "6"]
[White "Morozevich, Alexander"]
[Black "Hovhannisyan, Robert"]
[Result "1-0"]
[WhiteElo "2711"]
[BlackElo "2599"]
[PlyCount "77"]
[EventDate "2015.05.29"]

1. e4 c6 2. d4 d5 3. e5 Bf5 4. h4 Qb6 5. a4 h6 6. g4 Bd7 7. a5 Qc7 8. c4 e6 9.
c5 h5 10. gxh5 Nh6 11. Bg5 Na6 12. Nf3 Nf5 13. Nc3 Rxh5 14. Bd3 Nxd4 15. Nxd4
Qxe5+ 16. Be2 Bxc5 17. Be3 Rh8 18. Nf3 Qc7 19. Bxc5 Nxc5 20. b4 Ne4 21. Qd4
Nxc3 22. Qxg7 O-O-O 23. Qxc3 Rde8 24. a6 b6 25. Ne5 Kb8 26. Rc1 f6 27. Nxd7+
Qxd7 28. Qxf6 Qd6 29. Qg7 Qxb4+ 30. Kf1 Qe7 31. Qxe7 Rxe7 32. Rxc6 e5 33. h5 e4
34. Rd6 Re5 35. Rd7 e3 36. h6 exf2 37. h7 Rg5 38. Kxf2 d4 39. Rb7+ 1-0

[Event "Nezhmetdinov Cup (rapid) 2015"]
[Site "Kazan RUS"]
[Date "2015.05.30"]
[Round "7"]
[White "Geller, Jakov"]
[Black "Morozevich, Alexander"]
[Result "0-1"]
[WhiteElo "2474"]
[BlackElo "2711"]
[PlyCount "106"]
[EventDate "2015.05.29"]

1. e4 c5 2. Nf3 e6 3. d4 cxd4 4. Nxd4 Nc6 5. Nc3 Qc7 6. Be3 a6 7. Qd2 Nf6 8. f4
b5 9. e5 Ng4 10. Bg1 Nxd4 11. Bxd4 Bb7 12. O-O-O Be7 13. Kb1 f5 14. h3 Nh6 15.
Rg1 Bc6 16. Bd3 b4 17. Ne2 Bb5 18. Be3 Bxd3 19. Qxd3 Rc8 20. Rd2 Qb7 21. g4 Rc7
22. Nd4 O-O 23. Rdg2 g6 24. g5 Nf7 25. h4 Qe4 26. Qxe4 fxe4 27. h5 Nh8 28. h6
Bc5 29. Rd1 Nf7 30. Re2 Nd8 31. Bc1 Bxd4 32. Rxd4 Nc6 33. Rdxe4 a5 34. Rc4 Rb7
35. Be3 Ne7 36. Rc5 Ra8 37. Bd2 Kf7 38. b3 Nd5 39. Re4 a4 40. Rec4 Rba7 41.
Bxb4 axb3 42. a3 bxc2+ 43. Rxc2 Rb7 44. R2c4 Rxa3 45. Rc8 Nxb4 46. R4c7 Rxc7
47. Rxc7 Ke7 48. Rc8 Rf3 49. Rh8 Rxf4 50. Rxh7+ Rf7 51. Rh8 Nc6 52. h7 Rf1+ 53.
Kc2 Rh1 0-1

[Event "Nezhmetdinov Cup (rapid) 2015"]
[Site "Kazan RUS"]
[Date "2015.05.30"]
[Round "8"]
[White "Morozevich, Alexander"]
[Black "Kalegin, Evgenij"]
[Result "1-0"]
[WhiteElo "2711"]
[BlackElo "2460"]
[PlyCount "85"]
[EventDate "2015.05.29"]

1. e4 c5 2. Nf3 e6 3. g3 Nc6 4. Bg2 Nge7 5. O-O Nd4 6. b4 Nxf3+ 7. Qxf3 cxb4 8.
Bb2 Ng6 9. a3 f6 10. Qe3 a5 11. d4 Be7 12. axb4 Bxb4 13. Nc3 O-O 14. Rfb1 b6
15. h4 Bb7 16. h5 Nh8 17. Ba3 Qe7 18. Nb5 Bc6 19. Nc7 Rac8 20. Bxb4 axb4 21.
Na6 Ra8 22. Qd2 Nf7 23. Nxb4 Rxa1 24. Rxa1 Nd6 25. Nxc6 dxc6 26. Qb4 Qc7 27.
Qb3 Re8 28. Ra6 Nb5 29. c3 Kh8 30. Bf1 Nd6 31. Qxb6 Qxb6 32. Rxb6 Nxe4 33. Rxc6
Kg8 34. Bd3 Ng5 35. f4 Nf7 36. Bc4 Nd8 37. Rc7 Kf8 38. Bb5 Re7 39. Rc8 Rb7 40.
Rxd8+ Ke7 41. Rd7+ Rxd7 42. Bxd7 Kxd7 43. Kf2 1-0

[Event "Nezhmetdinov Cup (rapid) 2015"]
[Site "Kazan RUS"]
[Date "2015.05.30"]
[Round "9"]
[White "Morozevich, Alexander"]
[Black "Sharafiev, Azat"]
[Result "1/2-1/2"]
[WhiteElo "2711"]
[BlackElo "2415"]
[PlyCount "34"]
[EventDate "2015.05.29"]

1. e4 e5 2. Nf3 Nc6 3. Nc3 Nf6 4. d4 exd4 5. Nxd4 Bb4 6. Nxc6 bxc6 7. Bd3 O-O
8. O-O d5 9. exd5 cxd5 10. h3 c6 11. Qf3 Re8 12. Bg5 h6 13. Bxf6 Qxf6 14. Qxf6
gxf6 15. Ne2 Bd6 16. Rad1 a5 17. Ng3 a4 1/2-1/2

[Event "Top 12 (French League) 2015"]
[Site "Montpellier FRA"]
[Date "2015.05.30"]
[Round "1"]
[White "So, Wesley"]
[Black "Duda, Jan-Krzysztof"]
[Result "1/2-1/2"]
[WhiteElo "2778"]
[BlackElo "2610"]
[PlyCount "78"]
[EventDate "2015.05.30"]
[WhiteTeam "CLICHY-ECHECS-92"]
[BlackTeam "C-E BOIS-COLOMBES"]

1. e4 e5 2. Nf3 Nc6 3. Bb5 a6 4. Ba4 Nf6 5. O-O Be7 6. Re1 b5 7. Bb3 O-O 8. c3
d6 9. h3 Nb8 10. d4 Nbd7 11. Nbd2 Bb7 12. Bc2 Re8 13. a4 Bf8 14. Bd3 c6 15. Qc2
Qc7 16. b3 g6 17. Bb2 Nh5 18. Bf1 Rac8 19. g3 Ng7 20. Rad1 Ne6 21. h4 Bg7 22.
axb5 axb5 23. b4 d5 24. h5 exd4 25. cxd4 Nb6 26. hxg6 hxg6 27. e5 Qe7 28. Bc3
Ra8 29. Nb3 Bc8 30. Ra1 Bd7 31. Bd3 Ng5 32. Nxg5 Qxg5 33. Nc5 Bg4 34. Rxa8 Rxa8
35. e6 Bf6 36. Be2 Bf5 37. Bd3 Bg4 38. Be2 Bf5 39. Bd3 Bg4 1/2-1/2

[Event "Top 12 (French League) 2015"]
[Site "Montpellier FRA"]
[Date "2015.05.30"]
[Round "1"]
[White "Bauer, Christian"]
[Black "Vachier-Lagrave, Maxime"]
[Result "0-1"]
[WhiteElo "2624"]
[BlackElo "2754"]
[PlyCount "142"]
[EventDate "2015.05.30"]
[WhiteTeam "C-E BOIS-COLOMBES"]
[BlackTeam "CLICHY-ECHECS-92"]

1. e4 c5 2. Nc3 Nc6 3. Nf3 g6 4. d4 cxd4 5. Nxd4 Bg7 6. Be3 Nf6 7. Bc4 Qa5 8.
O-O O-O 9. Bb3 d6 10. h3 Bd7 11. f4 Rac8 12. Qd3 Nxd4 13. Bxd4 Bc6 14. Rae1 Nd7
15. Bxg7 Kxg7 16. Nd5 Qc5+ 17. Rf2 Rfe8 18. Qd2 e6 19. Nc3 b5 20. a3 a5 21. e5
dxe5 22. fxe5 Rf8 23. Qf4 Rcd8 24. Qg3 a4 25. Ba2 b4 26. Ne4 Bxe4 27. Rxe4 b3
28. cxb3 Qc1+ 29. Kh2 Qa1 30. Rxa4 Qxa2 31. Ra7 Qb1 32. Rd2 Nb8 33. Rxd8 Rxd8
34. Qf2 Qf5 35. Qxf5 gxf5 36. b4 Nc6 37. Rc7 Nxe5 38. b5 Rd3 39. b6 Rb3 40. b7
f4 41. a4 Rxb2 42. Kg1 f3 43. gxf3 Nxf3+ 44. Kf1 Nd2+ 45. Ke1 Nc4 46. Rxc4 Rxb7
47. Kd2 Kf6 48. Kc3 Ke5 49. a5 Kd5 50. Rc8 f5 51. Rd8+ Ke4 52. Rd4+ Kf3 53.
Rd3+ Kg2 54. a6 Ra7 55. Rd6 f4 56. Kd3 f3 57. Ke3 f2 58. Rd2 Rxa6 59. Rxf2+
Kxh3 60. Rf6 h5 61. Rg6 h4 62. Kf2 Ra2+ 63. Kf3 Ra3+ 64. Kf2 e5 65. Re6 Ra5 66.
Kf3 Kh2 67. Rb6 Ra4 68. Rb2+ Kh3 69. Rb8 Rf4+ 70. Ke2 Kg3 71. Rb3+ Kg2 0-1

[Event "Top 12 (French League) 2015"]
[Site "Montpellier FRA"]
[Date "2015.05.30"]
[Round "1"]
[White "Jakovenko, Dmitry"]
[Black "Cornette, Matthieu"]
[Result "1-0"]
[WhiteElo "2738"]
[BlackElo "2590"]
[PlyCount "63"]
[EventDate "2015.05.30"]
[WhiteTeam "CLICHY-ECHECS-92"]
[BlackTeam "C-E BOIS-COLOMBES"]

1. e4 c5 2. Nf3 Nc6 3. Bb5 g6 4. Bxc6 bxc6 5. O-O Bg7 6. Re1 Nf6 7. e5 Nd5 8.
c4 Nc7 9. d4 cxd4 10. Qxd4 O-O 11. Qh4 f6 12. Nc3 Ne6 13. Ne4 fxe5 14. Nfg5
Nxg5 15. Bxg5 Qb6 16. c5 Qxb2 17. Rad1 Qxa2 18. Bxe7 Rf4 19. Qg3 a5 20. Bg5
Rxe4 21. Rxe4 Ba6 22. h4 Bc4 23. Rde1 Bf7 24. h5 a4 25. h6 Bh8 26. Qh4 Bd5 27.
Rb4 Qc2 28. Bf6 g5 29. Bxg5 a3 30. Rg4 Kf7 31. Bd8 Qxc5 32. Qh5+ 1-0

[Event "Top 12 (French League) 2015"]
[Site "Montpellier FRA"]
[Date "2015.05.30"]
[Round "1"]
[White "Fressinet, Laurent"]
[Black "Shoker, Samy"]
[Result "1/2-1/2"]
[WhiteElo "2712"]
[BlackElo "2484"]
[PlyCount "121"]
[EventDate "2015.05.30"]
[WhiteTeam "CLICHY-ECHECS-92"]
[BlackTeam "C-E BOIS-COLOMBES"]

1. e4 g6 2. d4 Bg7 3. Nf3 d6 4. Bc4 e6 5. O-O Ne7 6. Re1 h6 7. c3 Nd7 8. Nbd2
a6 9. Nf1 b6 10. Ng3 Bb7 11. Bb3 Nf6 12. h3 Qc8 13. Bc2 Bc6 14. c4 Bb7 15. Be3
Nd7 16. Qd2 a5 17. b3 Ba6 18. Rad1 a4 19. Bd3 axb3 20. axb3 Bb7 21. b4 Nc6 22.
d5 Ne7 23. c5 bxc5 24. dxe6 fxe6 25. Bc4 cxb4 26. Bxe6 Bc3 27. Qc2 Bc6 28. Bd4
Ba4 29. Bb3 Bxb3 30. Qxb3 Nc5 31. Qc4 Qa6 32. Qxa6 Rxa6 33. Bxh8 Bxh8 34. e5 d5
35. Nf1 Nd7 36. Ne3 c6 37. Ra1 Rxa1 38. Rxa1 Bxe5 39. Ra8+ Kf7 40. Ra7 Ke6 41.
Rxd7 Kxd7 42. Nxe5+ Kd6 43. f4 b3 44. Nd1 c5 45. Kf2 c4 46. Ke1 Kc5 47. Kd2 d4
48. Kc1 Nc6 49. Nxc6 Kxc6 50. Kb2 h5 51. g4 hxg4 52. hxg4 Kc5 53. Ka3 Kd5 54.
f5 gxf5 55. gxf5 Ke5 56. Kb4 b2 57. Nxb2 c3 58. Nd3+ Kxf5 59. Kb3 Ke4 60. Kc2
Ke3 61. Nb4 1/2-1/2

[Event "Top 12 (French League) 2015"]
[Site "Montpellier FRA"]
[Date "2015.05.30"]
[Round "1"]
[White "Giri, Anish"]
[Black "Iordachescu, Viorel"]
[Result "1-0"]
[WhiteElo "2776"]
[BlackElo "2588"]
[PlyCount "39"]
[EventDate "2015.05.30"]
[WhiteTeam "BISCHWILLER"]
[BlackTeam "METZ FISCHER"]

1. e4 g6 2. d4 Bg7 3. c4 d6 4. Nf3 Nf6 5. Nc3 O-O 6. h3 c6 7. Be3 Na6 8. Be2 e5
9. d5 Bd7 10. Nd2 Rc8 11. g4 cxd5 12. cxd5 Nc5 13. a3 a5 14. a4 Nxg4 15. hxg4
f5 16. g5 Rf7 17. Nb3 Na6 18. Bb5 Nb4 19. f3 Bf8 20. Kd2 1-0

[Event "Top 12 (French League) 2015"]
[Site "Montpellier FRA"]
[Date "2015.05.30"]
[Round "1"]
[White "Svetushkin, Dmitry"]
[Black "Naiditsch, Arkadij"]
[Result "0-1"]
[WhiteElo "2591"]
[BlackElo "2720"]
[PlyCount "102"]
[EventDate "2015.05.30"]
[WhiteTeam "METZ FISCHER"]
[BlackTeam "BISCHWILLER"]

1. e4 e5 2. Nf3 Nc6 3. Bb5 Nf6 4. d3 d6 5. O-O Be7 6. Re1 O-O 7. Nbd2 Nd4 8.
Nxd4 exd4 9. c3 c6 10. Ba4 dxc3 11. bxc3 d5 12. e5 Ne8 13. d4 f5 14. f4 Nc7 15.
Nf1 b5 16. Bc2 a5 17. a3 Be6 18. Be3 Na6 19. g4 g6 20. gxf5 Bxf5 21. Ng3 Bxc2
22. Qxc2 Bh4 23. Rf1 Qc8 24. Rf3 Ra7 25. Nf1 Qg4+ 26. Qg2 Qxg2+ 27. Kxg2 Raf7
28. Kh3 Be7 29. Ng3 h5 30. Rg1 h4 31. Ne2 Kh7 32. Bf2 a4 33. Bxh4 Bxa3 34. Bf6
Rxf6 35. exf6 Rxf6 36. Kg4 Bb2 37. Re3 Kg7 38. Re7+ Rf7 39. Re6 a3 40. Nc1 Bxc3
41. Na2 Bxd4 42. Rd1 Rf6 43. Re7+ Kf8 44. Rb7 Bc5 45. h4 b4 46. Nc1 Rf7 47.
Rxf7+ Kxf7 48. f5 gxf5+ 49. Kxf5 Be3 50. Nd3 b3 51. Ne5+ Kg7 0-1

[Event "Top 12 (French League) 2015"]
[Site "Montpellier FRA"]
[Date "2015.05.30"]
[Round "1"]
[White "Bacrot, Etienne"]
[Black "Riazantsev, Alexander"]
[Result "1/2-1/2"]
[WhiteElo "2704"]
[BlackElo "2671"]
[PlyCount "43"]
[EventDate "2015.05.30"]
[WhiteTeam "BISCHWILLER"]
[BlackTeam "METZ FISCHER"]

1. c4 e6 2. Nc3 d5 3. d4 Nf6 4. Nf3 Nbd7 5. Bf4 dxc4 6. e3 Bd6 7. Bxd6 cxd6 8.
Bxc4 O-O 9. O-O a6 10. a4 b6 11. d5 e5 12. Nd2 Bb7 13. Qe2 Qe7 14. e4 g6 15.
Rfc1 Nh5 16. g3 Ng7 17. Na2 a5 18. b4 axb4 19. Nxb4 Nc5 20. Bb5 f5 21. f3 h5
22. Nd3 1/2-1/2

[Event "Top 12 (French League) 2015"]
[Site "Montpellier FRA"]
[Date "2015.05.30"]
[Round "1"]
[White "Feller, Sebastien"]
[Black "Navara, David"]
[Result "0-1"]
[WhiteElo "2626"]
[BlackElo "2751"]
[PlyCount "60"]
[EventDate "2015.05.30"]
[WhiteTeam "EVRY GRAND ROQUE"]
[BlackTeam "MULHOUSE PHILIDOR"]

1. d4 Nf6 2. c4 e6 3. Nf3 b6 4. g3 Ba6 5. Qb3 Nc6 6. Nbd2 Na5 7. Qa4 Bb7 8. Bg2
Rc8 9. O-O c5 10. dxc5 Bxc5 11. b4 Bc6 12. Qa3 Be7 13. Rb1 O-O 14. Qd3 Nxc4 15.
Qxc4 Bxf3 16. Bxf3 Rxc4 17. Nxc4 Qc7 18. Na3 d5 19. Bf4 Qd7 20. Rfc1 Qa4 21.
Nc2 h6 22. a3 Rc8 23. Nd4 Rxc1+ 24. Rxc1 Qxa3 25. Rc8+ Kh7 26. Nc6 Bxb4 27. Rc7
Bd6 28. Rxa7 Qc5 29. Ne5 Qc3 30. Nd3 e5 0-1

[Event "Top 12 (French League) 2015"]
[Site "Montpellier FRA"]
[Date "2015.05.30"]
[Round "1"]
[White "Moussard, Jules"]
[Black "Wojtaszek, Radoslaw"]
[Result "1-0"]
[WhiteElo "2444"]
[BlackElo "2746"]
[PlyCount "147"]
[EventDate "2015.05.30"]
[WhiteTeam "EVRY GRAND ROQUE"]
[BlackTeam "MULHOUSE PHILIDOR"]

1. e4 c5 2. Nf3 d6 3. d4 cxd4 4. Nxd4 Nf6 5. Nc3 a6 6. h3 g6 7. g4 Bg7 8. Be3
Nc6 9. g5 Nd7 10. h4 Qa5 11. Qd2 Nc5 12. O-O-O Bg4 13. Be2 Bxe2 14. Qxe2 Rc8
15. Kb1 Na4 16. Nxa4 Qxa4 17. c3 Ne5 18. h5 Qc4 19. h6 Qxe2 20. Nxe2 Bf8 21. f4
Nc4 22. Bc1 Nb6 23. b3 e6 24. c4 Be7 25. f5 gxf5 26. exf5 d5 27. fxe6 fxe6 28.
Rhe1 dxc4 29. Nf4 Rc6 30. Nxe6 Kf7 31. Nd4 Rc7 32. Rf1+ Ke8 33. Ne6 Rd7 34.
Rde1 c3 35. Be3 Nd5 36. Bd4 Rg8 37. Ng7+ Kd8 38. g6 c2+ 39. Ka1 Kc8 40. gxh7
Rh8 41. Rc1 Rxh7 42. Rxc2+ Kb8 43. Nf5 Bf6 44. Bxf6 Nxf6 45. Rg2 Rh8 46. Rh1
Re8 47. Rhh2 Re5 48. Nh4 b5 49. Rg6 Nh7 50. Rxa6 Rh5 51. Rg6 Rd4 52. Rg8+ Kb7
53. Rg7+ Kb6 54. Rxh7 Rdxh4 55. Rxh4 Rxh4 56. Kb2 Rh2+ 57. Ka3 Ka5 58. b4+ Kb6
59. Rh8 Ka7 60. h7 Kb7 61. Kb3 Rh3+ 62. Kc2 Ka7 63. Kd2 Kb7 64. Ke2 Ka7 65. Kf2
Kb7 66. Kg2 Rh6 67. Kg3 Rh1 68. Kg4 Rh2 69. Kg5 Rh1 70. Kg6 Rg1+ 71. Kf6 Rf1+
72. Ke6 Rh1 73. Rf8 Rh6+ 74. Rf6 1-0

[Event "Top 12 (French League) 2015"]
[Site "Montpellier FRA"]
[Date "2015.06.03"]
[Round "5"]
[White "Wojtaszek, Radoslaw"]
[Black "Smith, Axel"]
[Result "1/2-1/2"]
[WhiteElo "2746"]
[BlackElo "2454"]
[PlyCount "83"]
[EventDate "2015.05.30"]
[WhiteTeam "MULHOUSE PHILIDOR"]
[BlackTeam "MONTPELLIER"]

1. d4 d5 2. c4 c6 3. e3 Nf6 4. Nc3 g6 5. Nf3 Bg7 6. Be2 O-O 7. O-O Re8 8. b4
Be6 9. Ng5 Bf5 10. Bb2 h6 11. Nf3 Nbd7 12. Qb3 Nb6 13. cxd5 Nbxd5 14. a4 Nxc3
15. Bxc3 Ne4 16. Bb2 Nd6 17. Rfc1 Be6 18. Qc2 Rc8 19. Qd2 Ne4 20. Qe1 Bd5 21.
Ne5 Nf6 22. f3 Nd7 23. Nd3 f5 24. Qg3 Bf7 25. Ra3 a5 26. bxa5 Qxa5 27. Bc3 Qa7
28. Ba1 Kh7 29. f4 Nf6 30. Qe1 Ne4 31. a5 Bd5 32. Qb4 e6 33. Bb2 Rc7 34. Qb6
Qb8 35. Bc3 Bf8 36. Raa1 Rg7 37. Bb4 g5 38. Bf1 gxf4 39. exf4 Bxb4 40. Qxb4
Reg8 41. Rc2 Nf6 42. a6 1/2-1/2

[Event "Chinese League (Division A) 2015"]
[Site "China CHN"]
[Date "2015.06.04"]
[Round "5"]
[White "Liu, Qingnan"]
[Black "Ivanchuk, Vassily"]
[Result "1/2-1/2"]
[WhiteElo "2510"]
[BlackElo "2733"]
[PlyCount "122"]
[EventDate "2015.04.10"]
[WhiteTeam "Shandong"]
[BlackTeam "Qingdao"]

1. e4 e6 2. d4 d5 3. Nd2 c5 4. exd5 exd5 5. Ngf3 a6 6. dxc5 Bxc5 7. Nb3 Bb6 8.
Bg5 Ne7 9. Bd3 h6 10. Bh4 Nbc6 11. O-O O-O 12. Re1 Bg4 13. h3 Bh5 14. g4 Bg6
15. Nbd4 Qd7 16. Bxe7 Nxe7 17. Ne5 Qc7 18. c3 Nc6 19. Nexc6 bxc6 20. Qd2 c5 21.
Nf5 c4 22. Bf1 Bxf5 23. gxf5 Rad8 24. Bg2 Qg3 25. Qe2 Rd6 26. Rad1 Rfd8 27. Qf3
Qh4 28. Re2 d4 29. Re4 Qg5 30. cxd4 Bxd4 31. Rde1 Kh7 32. Rg4 Qf6 33. Bf1 Rc8
34. Rc1 Rdc6 35. Qe4 h5 36. Rg2 a5 37. b3 c3 38. Bc4 Rd6 39. h4 Bb6 40. Qf3 Rd2
41. Qxh5+ Kg8 42. Rxc3 Re8 43. Rc1 Rxa2 44. Qg6 Kf8 45. Qxf6 gxf6 46. Rd1 Re4
47. h5 Rh4 48. Rh2 Rxh2 49. Kxh2 Rxf2+ 50. Kg3 Rxf5 51. Rd7 Rc5 52. Rxf7+ Ke8
53. Rxf6 Bc7+ 54. Kf3 Re5 55. Rf7 Rc5 56. Rh7 a4 57. Bf7+ Kf8 58. bxa4 Rf5+ 59.
Ke4 Rxf7 60. Rxf7+ Kxf7 61. a5 Bxa5 1/2-1/2

[Event "Chinese League (Division A) 2015"]
[Site "China CHN"]
[Date "2015.06.04"]
[Round "5"]
[White "Ni, Hua"]
[Black "Gao, Rui"]
[Result "1-0"]
[WhiteElo "2704"]
[BlackElo "2533"]
[PlyCount "73"]
[EventDate "2015.04.10"]
[WhiteTeam "Shanghai"]
[BlackTeam "Hangzhou"]

1. d4 Nf6 2. c4 g6 3. Nf3 Bg7 4. g3 d5 5. cxd5 Nxd5 6. Bg2 Nb6 7. Nc3 Nc6 8. e3
O-O 9. O-O Re8 10. h3 e5 11. d5 Na5 12. Qc2 c6 13. b4 Nac4 14. dxc6 bxc6 15.
Rd1 Qe7 16. Nd2 Bf5 17. Nce4 Red8 18. a3 a5 19. Nxc4 Rxd1+ 20. Qxd1 Nxc4 21.
Qa4 Qe6 22. g4 Bxe4 23. Bxe4 Rd8 24. bxa5 Nxa5 25. Rb1 Nc4 26. Rb4 Nd6 27. Bxc6
e4 28. Qd1 Rc8 29. Ba4 h5 30. Bb3 Qe7 31. Bd2 Qh4 32. Kg2 hxg4 33. Qxg4 Qf6 34.
Rb6 Rc5 35. Rxd6 Qxd6 36. Bb4 g5 37. Qh5 1-0

[Event "Chinese League (Division A) 2015"]
[Site "China CHN"]
[Date "2015.06.04"]
[Round "5"]
[White "Bu, Xiangzhi"]
[Black "Wei, Yi"]
[Result "1/2-1/2"]
[WhiteElo "2681"]
[BlackElo "2706"]
[PlyCount "159"]
[EventDate "2015.04.10"]
[WhiteTeam "Chongqing"]
[BlackTeam "Jiangsu"]

1. Nf3 Nf6 2. b3 g6 3. Bb2 Bg7 4. g3 d6 5. d4 O-O 6. Bg2 c5 7. O-O cxd4 8. Nxd4
d5 9. c4 dxc4 10. bxc4 Qb6 11. Qb3 Nfd7 12. Rd1 Nc6 13. e3 Nc5 14. Qxb6 axb6
15. Nc3 Nxd4 16. exd4 Na4 17. Nxa4 Rxa4 18. Bf1 Be6 19. Rd2 Bxc4 20. Bxc4 Rxc4
21. d5 Rd8 22. Re1 Rc7 23. Bxg7 Kxg7 24. Rb1 Rd6 25. Rdb2 Rxd5 26. Rxb6 Rdd7
27. Kg2 e6 28. a4 h5 29. h4 Kf6 30. R1b4 Ke7 31. a5 Kd8 32. Rb3 Ke8 33. Rb2 Ke7
34. R2b3 Kf6 35. R3b4 Rd5 36. Rxb7 Rxb7 37. Rxb7 Rxa5 38. f4 Ra2+ 39. Kf3 Ra3+
40. Kf2 Rd3 41. Ra7 Rd8 42. Kf3 Re8 43. Ra5 Re7 44. g4 hxg4+ 45. Kxg4 Kg7 46.
h5 gxh5+ 47. Kxh5 Rd7 48. Kg4 Rd3 49. Rg5+ Kf8 50. Ra5 Kg7 51. Rg5+ Kf6 52. Ra5
Rb3 53. Rc5 Ke7 54. Rc7+ Kf6 55. Rc5 Rb8 56. Kf3 Rd8 57. Ke4 Rd5 58. Rc3 Ra5
59. Rb3 Ra4+ 60. Kf3 Rd4 61. Ke3 Rc4 62. Kf3 Kg6 63. Re3 Rd4 64. Kg3 Kf5 65.
Re5+ Kf6 66. Re3 Rd5 67. Kg4 Rd8 68. Kf3 Rb8 69. Kg4 Rb5 70. Ra3 Ke7 71. Ra7+
Kf8 72. Ra3 Rb4 73. Kf3 Ke7 74. Re3 Kd6 75. Rd3+ Kc6 76. Re3 Kd5 77. Re5+ Kd6
78. Re3 Rb5 79. Rd3+ Ke7 80. Re3 1/2-1/2

[Event "Chinese League (Division A) 2015"]
[Site "China CHN"]
[Date "2015.06.04"]
[Round "5"]
[White "Liu, Guanchu"]
[Black "Wang, Yue"]
[Result "1/2-1/2"]
[WhiteElo "2379"]
[BlackElo "2726"]
[PlyCount "79"]
[EventDate "2015.04.10"]
[WhiteTeam "Chengdu"]
[BlackTeam "Tianjing"]

1. e4 c5 2. Nf3 e6 3. c3 Nf6 4. e5 Nd5 5. d4 cxd4 6. cxd4 d6 7. Bc4 Nc6 8. O-O
Be7 9. Bd2 Nb6 10. Bb3 dxe5 11. dxe5 Nd4 12. Nxd4 Qxd4 13. Qe2 Bd7 14. Nc3 Bc6
15. Rad1 O-O 16. Bg5 Qb4 17. Bxe7 Qxe7 18. f4 Rad8 19. Qe3 g6 20. a3 Rxd1 21.
Rxd1 Rd8 22. Rxd8+ Qxd8 23. g3 Kg7 24. Kf2 h6 25. Ke1 a6 26. Qd2 Qc7 27. Qd4
Nc8 28. Kd2 Ne7 29. Bc2 g5 30. fxg5 hxg5 31. h4 gxh4 32. Qxh4 Qd7+ 33. Kc1 Nf5
34. Qf6+ Kg8 35. g4 Nd4 36. Qg5+ Kf8 37. Qh6+ Ke7 38. Qf6+ Ke8 39. Qh8+ Ke7 40.
Qf6+ 1/2-1/2

[Event "Chinese League (Division A) 2015"]
[Site "China CHN"]
[Date "2015.06.05"]
[Round "6"]
[White "Ivanchuk, Vassily"]
[Black "Ma, Qun"]
[Result "1/2-1/2"]
[WhiteElo "2733"]
[BlackElo "2609"]
[PlyCount "86"]
[EventDate "2015.04.10"]
[WhiteTeam "Qingdao"]
[BlackTeam "Tianjing"]

1. c4 e5 2. g3 Nf6 3. Bg2 Nc6 4. Nc3 Bb4 5. Nd5 Bc5 6. e3 Nxd5 7. cxd5 Nb4 8.
d4 exd4 9. exd4 Be7 10. Ne2 c6 11. Nc3 O-O 12. O-O Nxd5 13. Nxd5 cxd5 14. Bxd5
Bf6 15. Be3 d6 16. Qb3 a5 17. a4 Rb8 18. Rfe1 b5 19. axb5 Bd7 20. Bc4 Bxb5 21.
Bxb5 Qb6 22. Qd5 Qxb5 23. Rxa5 Qxb2 24. Ra6 Rfd8 25. Rc1 Qb5 26. Qa2 Qf5 27.
Ra5 d5 28. Bf4 Rbc8 29. Rxc8 Qxc8 30. Rxd5 Bxd4 31. Qc4 Bf6 32. Rxd8+ Qxd8 33.
Be3 Qe8 34. Qd5 g6 35. g4 Qd8 36. Qe4 Bg5 37. Bc5 Qb6 38. Qc4 Qd8 39. Qd5 Qe8
40. Qe4 Qd8 41. Kg2 Bf6 42. h3 Kg7 43. Be3 Qc8 1/2-1/2

[Event "Chinese League (Division A) 2015"]
[Site "China CHN"]
[Date "2015.06.05"]
[Round "6"]
[White "Fang, Yuxiang"]
[Black "Wang, Yue"]
[Result "1/2-1/2"]
[WhiteElo "2437"]
[BlackElo "2726"]
[PlyCount "141"]
[EventDate "2015.04.10"]
[WhiteTeam "Qingdao"]
[BlackTeam "Tianjing"]

1. d4 Nf6 2. c4 e6 3. Nf3 Bb4+ 4. Bd2 Qe7 5. g3 Bxd2+ 6. Qxd2 Nc6 7. Nc3 d5 8.
Ne5 dxc4 9. Nxc6 bxc6 10. Bg2 O-O 11. Bxc6 Rb8 12. O-O Rd8 13. Qc2 Rb6 14. Qa4
Rxd4 15. Qxa7 Rd2 16. Bb5 Rxb2 17. Qa8 Qf8 18. Bxc4 R2b4 19. Bd3 Ba6 20. Qxf8+
Kxf8 21. Bxa6 Rxa6 22. a4 Ke7 23. Rfc1 c5 24. e3 Ra5 25. Ra2 c4 26. Rac2 Nd5
27. Ne4 Nb6 28. Nc3 g5 29. g4 Nd5 30. Ne4 Raxa4 31. Nc5 c3 32. Nxa4 Rxg4+ 33.
Kf1 Rxa4 34. Rxc3 Nxc3 35. Rxc3 Kf6 36. h3 h5 37. Kg2 h4 38. Rc7 Kg6 39. Rc6
Re4 40. Ra6 f5 41. Ra3 Rb4 42. Ra6 Kf6 43. Ra8 Ke5 44. Rg8 Kf6 45. Ra8 Rb6 46.
Rc8 Rb2 47. Rg8 Ra2 48. Rh8 Ra4 49. Rh6+ Kf7 50. Rh7+ Kg6 51. Rh8 e5 52. Rg8+
Kf6 53. Rf8+ Ke6 54. Rg8 g4 55. Rg5 Kf6 56. Rg8 Kf7 57. Rg5 Ke6 58. Rg6+ Kd5
59. Rg5 gxh3+ 60. Kxh3 Ke4 61. Rh5 f4 62. exf4 exf4 63. Kg4 Ra1 64. Rb5 Rg1+
65. Kxh4 Kf3 66. Rb4 Re1 67. Rb3+ Kxf2 68. Kg4 Re3 69. Rb2+ Re2 70. Rxe2+ Kxe2
71. Kxf4 1/2-1/2